banner-ar

الفضاء / (Record no. 46625)

MARC details
000 -الفاتح
حقل البيانات ثابتة الطول 00656nam a2200229Ia 4500
008 - عناصر البيانات ثابتة الطول - معلومات عامة
حقل البيانات ثابتة الطول 140319s9999 xx 000 0 ara d
040 ## - مصدر الفهرسة
وكالة الفهرسة الأصلية GCL /
وكالة النسخ GCL
082 04 - رقم تصنيف ديوى العشرى
رقم التصنيف 550
رقم المادة ف ف
100 1# - المدخل الرئيسى - إسم شخصى
الإسم الشخصى محمد قدرى لطفى
245 10 - بيان العنوان
العنوان الفضاء /
بيان المسئوليه,etc محمد قدرى لطفى
700 1# - المدخل الاضافى - اسم شخصى
الإسم الشخصى محمد جمال الدين الفندى (مترجم)
700 1# - المدخل الاضافى - اسم شخصى
الإسم الشخصى بودندورف، اللا
300 ## - الوصف المادى
التعداد 48 ص
490 ## - بيان السلسلة
عنوان السلسلة الف باء
رقم المجلد/ التعيين التسلسلي 0
650 04 - المدخل الاضافى بالموضوع-مصطلح موضوعى
مصطلح موضوعي الفضاء
650 04 - المدخل الاضافى بالموضوع-مصطلح موضوعى
مصطلح موضوعي الفلك الوصفى
650 04 - المدخل الاضافى بالموضوع-مصطلح موضوعى
مصطلح موضوعي رحلات الفضاء
650 04 - المدخل الاضافى بالموضوع-مصطلح موضوعى
مصطلح موضوعي الفضاء الخارجى
650 04 - المدخل الاضافى بالموضوع-مصطلح موضوعى
مصطلح موضوعي القمر
942 ## - عناصر المدخل الإضافي( كوها)
مصدر التصنيف او مخطط الترفيف Dewey Decimal Classification
Koha [default] item type كتاب
Holdings
حالة التراجع حالة الفقد حالة تلف ليس للاعارة المكان المؤقت الموقع الحالى تاريخ الاكتساب اجمالي اﻻعارات رقم الطلب الباركود تاريخ اخر مشاهدة تاريخ تفعيل السعر نوع وعاء كوها
        مكتبة القاهرة الكبرى مكتبة القاهرة الكبرى 03/26/2014   550\ف ف 113488 03/26/2014 03/26/2014 كتاب

Powered By

EGPV